000 00534nam a2200169Ia 4500
008 090201s9999 xx 000 0 und d
010 _aKPL-31896
040 _bमराठी
041 _aमराठी
082 _a34904
_b31896
100 _aगोविंद केळकर
245 _aजिवनात ही घडी
_cगोविंद केळकर
260 _c2004
_bगोपी प्रकाशन
300 _a223
_bमोठा
600 _aजिवनात ही घडी
942 _cBOOK
999 _c233080
_d233080